Top 15 Smallest Birds - Statistics

General Stats
  • This quiz has been taken 2 times
  • The average score is 2 of 15
Answer Stats
Hint Answer % Correct
1 bee hummingbird
100%
15 goldcrest
50%
12 american goldfinch
0%
7 anna's hummingbird
0%
8 blue-gray gnatcatcher
0%
14 bumblebee hummingbird
0%
9 carolina chickadee
0%
10 chestnut-backed chickadee
0%
5 lesser goldfinch
0%
11 northern parula
0%
6 ruby-crowned kinglet
0%
3 ruby-throated hummingbird
0%
2 short-tailed pygmy tyrant
0%
4 spotted pardalote
0%
13 weebill
0%
No matching quizzes found
Score Distribution
Percent of People with Each Score
Percentile by Number Answered
Your Score History
You have not taken this quiz